[Event "Regionalliga Mittelrhein 1011"]
[Site "Germany"]
[Date "2011.04.10"]
[Round "8.8"]
[White "Preiss, Manfred"]
[Black "Vladimirov, Anguel"]
[Result "0-1"]
[WhiteElo "1164"]
[BlackElo "1935"]
[PlyCount "98"]
[EventDate "2010.10.24"]
[EventType "team"]
[EventRounds "9"]
[EventCountry "GER"]
[SourceTitle "EXT 2015"]
[Source "ChessBase"]
[SourceDate "2014.11.20"]
[SourceVersion "1"]
[SourceVersionDate "2014.11.20"]
[SourceQuality "1"]
[WhiteTeam "Aachen PTSV"]
[BlackTeam "Bruehl"]
[WhiteTeamCountry "GER"]
[BlackTeamCountry "GER"]

1. e4 e6 2. e5 d5 3. d4 c5 4. c4 cxd4 5. Be2 Bb4+ 6. Bd2 Bxd2+ 7. Qxd2 dxc4 8. Bxc4 a6 9. Nf3 Nc6 10. 0-0 Nge7 11. Re1 0-0 12. Na3 b5 13. Bd3 Bb7 14. Nc2 Qb6 15. b4 Rad8 16. a3 Rd7 17. Qe2 Rfd8 18. Rab1 Nd5 19. Qd2 Nde7 20. Na1 Nb8 21. Nb3 Bxf3 22. Nc5 Bg4 23. Nxd7 Nxd7 24. h3 Bf5 25. Rbc1 Bxd3 26. Qxd3 Ng6 27. Qg3 Ndxe5 28. Rxe5 Nxe5 29. Qxe5 d3 30. Rd1 f6 31. Qc3 Qd4 32. Qc6 Qd6 33. Qc3 d2 34. g3 e5 35. Kf1 Qd3+ 36. Qxd3 Rxd3 37. Kg2 e4 38. Kf1 Kf7 39. Ke2 Ke6 40. Rxd2 Rxa3 41. Rb2 Ke5 42. f3 exf3+ 43. Kf2 Ke4 44. Rb1 Ra2+ 45. Kf1 Rh2 46. Re1+ Re2 47. Rxe2+ fxe2+ 48. Kxe2 Kd4 49. Kd2 Kc4 0-1

[Event "Regionalliga Mittelrhein 1011"]
[Site "Germany"]
[Date "2011.03.20"]
[Round "7.6"]
[White "Vladimirov, Anguel"]
[Black "Brandt, Thorsten"]
[Result "0-1"]
[WhiteElo "1935"]
[BlackElo "1936"]
[PlyCount "114"]
[EventDate "2010.10.24"]
[EventType "team"]
[EventRounds "9"]
[EventCountry "GER"]
[SourceTitle "EXT 2015"]
[Source "ChessBase"]
[SourceDate "2014.11.20"]
[SourceVersion "1"]
[SourceVersionDate "2014.11.20"]
[SourceQuality "1"]
[WhiteTeam "Bruehl"]
[BlackTeam "Euskirchen Turm"]
[WhiteTeamCountry "GER"]
[BlackTeamCountry "GER"]

1. e4 e5 2. c3 Nf6 3. d3 g6 4. f4 d6 5. Nf3 Nc6 6. g3 Bg7 7. Bg2 Bg4 8. 0-0 Qd7 9. Qb3 0-0-0 10. a4 h5 11. Ng5 Rdf8 12. h3 Be2 13. Rf2 Bxd3 14. Be3 h4 15. Rd2 Bxb1 16. Rxb1 Nh5 17. fxe5 Bxe5 18. g4 Nf4 19. Bf1 f6 20. Nf3 Qe6 21. Qxe6+ Nxe6 22. Bc4 Nf4 23. Bf1 a5 24. Bf2 Nd8 25. Nd4 Nde6 26. Nxe6 Nxe6 27. Bc4 Ng5 28. Kg2 Nxe4 29. Be6+ Kd8 30. Rd3 Ke7 31. Bd5 Nxf2 32. Kxf2 c6 33. Bf3 f5 34. Kg2 Kf6 35. Re1 Bg3 36. Rb1 Re8 37. Rf1 d5 38. gxf5 gxf5 39. Bg4 Re5 40. Rdf3 f4 41. Rd3 Rhe8 42. Rdd1 Re4 43. Bf3 Rxa4 44. Ra1 Rxa1 45. Rxa1 b6 46. Rd1 b5 47. b3 Re3 48. c4 Rxb3 49. cxd5 Rb2+ 50. Kg1 cxd5 51. Rxd5 a4 52. Bg4 a3 53. Rd6+ Ke5 54. Re6+ Kd5 55. Ra6 b4 56. Be6+ Ke4 57. Ra5 Rb1+ 0-1